01452nam a2200361 a 4500001001200000003000800012006001900020007001500039008004100054010001700095020004000112020003300152020001800185020002700203040002100230035002100251050002300272082001700295111007400312245005800386260007600444300002500520490004700545504005300592533015200645650003100797650002700828655002900855710001700884830004600901856012600947999001701073ebr10575576CaPaEBRm u cr cn|||||||||770404s1976 ne a sb 101 0 eng d z 76044816  z0444152415 (Elsevier/North Holland) z9021940515 (Excerpta Medica) z9780470663370 z9780470717950 (e-book) aCaPaEBRcCaPaEBR a(OCoLC)80205013914aRJ216b.S93 1976eb04a612.6/642222 aSymposium on Breast-Feeding and the Motherd(1976 :cLondon, England)10aBreast-feeding and the motherh[electronic resource]. aAmsterdam ;aNew York :bElsevier/Excerpta Medica/North-Holland,c1976. aviii, 280 p. :bill.1 aCiba Foundation symposium ;v45 (new ser.) aIncludes bibliographical references and indexes. aElectronic reproduction.bPalo Alto, Calif. :cebrary,d2011.nAvailable via World Wide Web.nAccess may be limited to ebrary affiliated libraries. 0aBreastfeedingvCongresses. 0aLactationvCongresses. 7aElectronic books.2local2 aebrary, Inc. 0aCiba Foundation symposium ;vnew ser. 45.40uhttp://site.ebrary.com/lib/rucke/Doc?id=10575576zAn electronic book accessible through the World Wide Web; click to view c78208d78208